Welcome to the Holygrace Academy Library

Please use search bar below to get started

WHERE HAVE ALL THE PARENTS GONE? (Record no. 5740)

MARC details
000 -LEADER
fixed length control field 00329nam a22001457a 4500
020 ## - INTERNATIONAL STANDARD BOOK NUMBER
ISBN 0-380-78117-4
082 ## - DEWEY DECIMAL CLASSIFICATION NUMBER
Classification number 823
Item number COF/W
100 ## - MAIN ENTRY--AUTHOR NAME
Personal name COFFIN, M.T
245 ## - TITLE STATEMENT
Title WHERE HAVE ALL THE PARENTS GONE?
260 ## - PUBLICATION, DISTRIBUTION, ETC. (IMPRINT)
Place of publication NEW YORK
Name of publisher AVON BOOKS
Year of publication 1995
300 ## - PHYSICAL DESCRIPTION
Number of Pages 124
520 ## - SUMMARY, ETC.
Summary, etc ENGLISH STORY
650 ## - SUBJECT ADDED ENTRY--TOPICAL TERM
Topical Term ENGLISH STORY
942 ## - ADDED ENTRY ELEMENTS (KOHA)
Koha item type Books
Holdings
Withdrawn status Lost status Collection code Home library Current library Shelving location Date acquired Source of acquisition Full call number Accession Number Koha item type
    Fiction Main Library Main Library SHELF 15-I-CHILDREN'S STORYBOOKS 25/03/2014 Purchase 823 COF/W 08159 Books